Tous les tomes d'Astérix 1/3 - Statistiques

Statistiques générales
  • Ce quiz a été pris 35 fois
  • Le résultat moyen est 7 sur 15
Statistiques - réponses
Titre % Correct
1 Le gaulois
86%
2 La serpe d'or
76%
15 La zizanie
59%
7 Le combat des chefs
55%
5 Le tour de gaule
55%
10 Légionnaire
52%
8 Chez les bretons
48%
6 Et Cléopatre
48%
4 Gladiateur
48%
3 Et les goths
45%
12 Aux jeux olympiques
41%
14 En hispanie
41%
9 Et les normands
38%
13 Et le chaudron
21%
11 Le bouclier averne
17%
Aucun quiz correspondant
Distribution des résultats
% des personnes avec chaque résultat
Percentile par nombre de réponses
Votre historique - résultats
Vous n’avez pas pris ce quiz